| 000 | 00687nam a2200133Ia 4500 | ||
|---|---|---|---|
| 008 | 171212s9999 xx 000 0 und d | ||
| 020 | _a9780833051035 | ||
| 100 | _aDavis, Lois M.;Pollard, Michael;Ward, Kevin;Wilson, Jeremy M.;Varda, Danielle M. | ||
| 245 |
_cDavis, Lois M.;Pollard, Michael;Ward, Kevin;Wilson, Jeremy M.;Varda, Danielle M. _aLong-Term Effects of Law Enforcement's Post-9/11 Focus on Counterterrorism and Homeland Security |
||
| 260 |
_bRAND Corporation _c2010 |
||
| 650 | _aPolitical Science | ||
| 650 | _aTerrorism -- United States -- Prevention; National security -- United States; Law enforcement -- United States | ||
| 856 | _uwww.jstor.org/stable/10.7249/mg1031nij | ||
| 999 |
_c352277 _d352277 |
||